000 00979cam a2200193ua 4500
020 _cRs 1.00
041 _amal
_h
082 _a894.812 1
_bUNI/PA
110 1 _aUniversity of Calicut .
_b
_c(Calicut University P.O, Malappuram, Kerala )
245 _aPadyamanjari /
_cUniversity of Calicut.
_hTextual Documents
260 _aKozhikode :
_bAsoka Printing Press ,
_c1971.
300 _a57.
365 _aRs 1.00
504 _a
650 _aPoems - Malayalam
942 _cBK
999 _c598
_d598